000 00393nam a2200145Ia 4500
008 230711s9999||||xx |||||||||||||| ||und||
041 _aENG
082 _a5
_bLI-F
100 _aLipschutz ,Seymour
245 0 _aTheory and problems of programming with fortran
250 _a1st
260 _c1982
_aSingapore
_bTata McGraw Hill Education Limited
650 _aComputer Engineering
942 _cBK
999 _c1258
_d1258